[Event "Kadettlandskamp NOR-SWE B 2018"]
[Site "NTG, Bærum, Norway"]
[Date "2018.12.16"]
[Round "12.2"]
[White "Olsson, William"]
[Black "Nielsen, Andre"]
[Result "1-0"]
[BlackTitle "FM"]
[WhiteFideId "1741721"]
[BlackFideId "1518240"]
[WhiteElo "1743"]
[BlackElo "1917"]

1. Nf3 {[%clk 00:15:18]} {[%emt 00:00:02]} Nf6 {[%clk 00:15:03]} {[%emt
00:00:17]} 2. d4 {[%clk 00:15:23]} {[%emt 00:00:05]} b6 {[%clk 00:15:06]}
{[%emt 00:00:07]} 3. Bf4 {[%clk 00:15:30]} {[%emt 00:00:03]} Bb7 {[%clk
00:15:13]} {[%emt 00:00:03]} 4. e3 {[%clk 00:15:38]} {[%emt 00:00:03]} Nh5
{[%clk 00:15:15]} {[%emt 00:00:07]} 5. Nbd2 {[%clk 00:15:39]} {[%emt 00:00:08]}
Nxf4 {[%clk 00:15:21]} {[%emt 00:00:05]} 6. exf4 {[%clk 00:15:47]} {[%emt
00:00:02]} e6 {[%clk 00:15:26]} {[%emt 00:00:05]} 7. c3 {[%clk 00:15:55]}
{[%emt 00:00:02]} d5 {[%clk 00:15:28]} {[%emt 00:00:08]} 8. Ne5 {[%clk
00:16:01]} {[%emt 00:00:04]} Be7 {[%clk 00:14:46]} {[%emt 00:00:52]} 9. Bd3
{[%clk 00:16:04]} {[%emt 00:00:08]} O-O {[%clk 00:13:58]} {[%emt 00:00:57]} 10.
O-O {[%clk 00:15:47]} {[%emt 00:00:28]} Nd7 {[%clk 00:13:55]} {[%emt 00:00:12]}
11. Re1 {[%clk 00:15:55]} {[%emt 00:00:02]} c5 {[%clk 00:12:34]} {[%emt
00:01:32]} 12. Re3 {[%clk 00:15:54]} {[%emt 00:00:10]} Nxe5 {[%clk 00:11:06]}
{[%emt 00:01:38]} 13. fxe5 {[%clk 00:16:00]} {[%emt 00:00:04]} Bg5 {[%clk
00:11:05]} {[%emt 00:00:11]} 14. Rg3 {[%clk 00:15:43]} {[%emt 00:00:28]} Bh6
{[%clk 00:10:28]} {[%emt 00:00:46]} 15. Qh5 {[%clk 00:14:50]} {[%emt 00:01:03]}
Kh8 {[%clk 00:10:14]} {[%emt 00:00:24]} 16. Nf3 {[%clk 00:14:49]} {[%emt
00:00:12]} f5 {[%clk 00:09:29]} {[%emt 00:00:53]} 17. exf6 {[%clk 00:14:49]}
{[%emt 00:00:11]} Qxf6 {[%clk 00:09:23]} {[%emt 00:00:16]} 18. Rf1 {[%clk
00:14:54]} {[%emt 00:00:05]} Bc6 {[%clk 00:08:41]} {[%emt 00:00:51]} 19. Ne5
{[%clk 00:14:00]} {[%emt 00:01:04]} Be8 {[%clk 00:08:44]} {[%emt 00:00:08]} 20.
Qh3 {[%clk 00:14:07]} {[%emt 00:00:04]} cxd4 {[%clk 00:08:27]} {[%emt
00:00:27]} 21. cxd4 {[%clk 00:14:04]} {[%emt 00:00:12]} Rc8 {[%clk 00:08:25]}
{[%emt 00:00:12]} 22. Rf3 {[%clk 00:13:07]} {[%emt 00:01:08]} Qe7 {[%clk
00:07:24]} {[%emt 00:01:10]} 23. Rxf8+ {[%clk 00:12:23]} {[%emt 00:00:54]} Qxf8
{[%clk 00:07:32]} {[%emt 00:00:02]} 24. Qxe6 {[%clk 00:12:31]} {[%emt
00:00:02]} Bh5 {[%clk 00:06:51]} {[%emt 00:00:51]} 25. Qxd5 {[%clk 00:11:57]}
{[%emt 00:00:44]} Qf4 {[%clk 00:05:08]} {[%emt 00:01:53]} 26. g3 {[%clk
00:11:11]} {[%emt 00:00:57]} Qf6 {[%clk 00:04:34]} {[%emt 00:00:43]} 27. Qe4
{[%clk 00:10:37]} {[%emt 00:00:44]} Bg6 {[%clk 00:03:44]} {[%emt 00:01:00]} 28.
Nxg6+ {[%clk 00:10:40]} {[%emt 00:00:07]} hxg6 {[%clk 00:03:30]} {[%emt
00:00:24]} 29. Qxg6 {[%clk 00:09:58]} {[%emt 00:00:52]} Qxg6 {[%clk 00:03:38]}
{[%emt 00:00:02]} 30. Bxg6 {[%clk 00:10:07]} {[%emt 00:00:02]} Bc1 {[%clk
00:02:46]} {[%emt 00:01:01]} 31. b3 {[%clk 00:09:42]} {[%emt 00:00:35]} Ba3
{[%clk 00:02:54]} {[%emt 00:00:02]} 32. Re1 {[%clk 00:09:35]} {[%emt 00:00:17]}
Kg8 {[%clk 00:03:01]} {[%emt 00:00:03]} 33. Kg2 {[%clk 00:09:42]} {[%emt
00:00:03]} Kf8 {[%clk 00:02:55]} {[%emt 00:00:15]} 34. d5 {[%clk 00:09:37]}
{[%emt 00:00:16]} Be7 {[%clk 00:02:46]} {[%emt 00:00:19]} 35. Re5 {[%clk
00:08:42]} {[%emt 00:01:04]} Rd8 {[%clk 00:02:23]} {[%emt 00:00:34]} 36. Kf3
{[%clk 00:07:41]} {[%emt 00:01:10]} Rd6 {[%clk 00:02:20]} {[%emt 00:00:12]} 37.
Rf5+ {[%clk 00:06:11]} {[%emt 00:01:40]} Bf6 {[%clk 00:02:14]} {[%emt
00:00:17]} 38. g4 {[%clk 00:05:56]} {[%emt 00:00:23]} Ke7 {[%clk 00:01:51]}
{[%emt 00:00:35]} 39. g5 {[%clk 00:05:47]} {[%emt 00:00:19]} Bd4 {[%clk
00:01:57]} {[%emt 00:00:04]} 40. Rf7+ {[%clk 00:05:51]} {[%emt 00:00:05]} Kd8
{[%clk 00:02:05]} {[%emt 00:00:03]} 41. Be4 {[%clk 00:05:55]} {[%emt 00:00:05]}
b5 {[%clk 00:02:10]} {[%emt 00:00:06]} 42. h4 {[%clk 00:05:39]} {[%emt
00:00:26]} Ke8 {[%clk 00:01:10]} {[%emt 00:01:10]} 43. Rb7 {[%clk 00:05:35]}
{[%emt 00:00:11]} a6 {[%clk 00:01:15]} {[%emt 00:00:08]} 44. Kg3 {[%clk
00:05:23]} {[%emt 00:00:21]} Rd7 {[%clk 00:00:52]} {[%emt 00:00:34]} 45. Rxd7
Kxd7 {[%clk 00:01:00]} 46. f4 {[%clk 00:05:03]} Kd6 {[%clk 00:00:56]} {[%emt
00:00:15]} 47. Kg4 {[%clk 00:05:07]} {[%emt 00:00:05]} a5 {[%clk 00:00:37]}
{[%emt 00:00:29]} 48. Kf5 {[%clk 00:05:04]} {[%emt 00:00:13]} Ke7 {[%clk
00:00:39]} {[%emt 00:00:08]} 49. Kg6 {[%clk 00:05:11]} {[%emt 00:00:04]} Kf8
{[%clk 00:00:45]} {[%emt 00:00:04]} 50. f5 {[%clk 00:05:12]} {[%emt 00:00:08]}
Ke7 {[%clk 00:00:46]} {[%emt 00:00:08]} 51. h5 {[%clk 00:05:07]} {[%emt
00:00:16]} a4 {[%clk 00:00:39]} {[%emt 00:00:16]} 52. bxa4 {[%clk 00:05:04]}
{[%emt 00:00:13]} bxa4 {[%clk 00:00:47]} {[%emt 00:00:02]} 53. h6 {[%clk
00:05:10]} {[%emt 00:00:04]} gxh6 {[%clk 00:00:53]} {[%emt 00:00:03]} 54. Kxh6
{[%clk 00:05:19]} {[%emt 00:00:02]} 1-0

[Event "Kadettlandskamp NOR-SWE B 2018"]
[Site "NTG, Bærum, Norway"]
[Date "2018.12.16"]
[Round "12.3"]
[White "Abdrlauf, Elham"]
[Black "Nguyen, Gabriel"]
[Result "0-1"]
[WhiteFideId "1533533"]
[BlackFideId "1720791"]
[WhiteElo "2191"]
[BlackElo "1906"]

1. e4 {[%clk 00:15:20]} c5 {[%clk 00:15:19]} {[%emt 00:00:01]} 2. b4 {[%clk
00:15:28]} {[%emt 00:00:02]} cxb4 {[%clk 00:15:25]} {[%emt 00:00:04]} 3. d4
{[%clk 00:15:36]} {[%emt 00:00:02]} d5 {[%clk 00:15:30]} {[%emt 00:00:05]} 4.
exd5 {[%clk 00:15:44]} {[%emt 00:00:02]} Nf6 {[%clk 00:14:30]} {[%emt
00:01:09]} 5. c4 {[%clk 00:15:42]} {[%emt 00:00:12]} bxc3 {[%clk 00:14:22]}
{[%emt 00:00:19]} 6. Nxc3 {[%clk 00:15:49]} {[%emt 00:00:03]} Nxd5 {[%clk
00:12:45]} {[%emt 00:01:46]} 7. Nge2 {[%clk 00:15:52]} {[%emt 00:00:08]} e6
{[%clk 00:11:17]} {[%emt 00:01:37]} 8. g3 {[%clk 00:15:56]} {[%emt 00:00:06]}
Bb4 {[%clk 00:10:29]} {[%emt 00:00:58]} 9. Bd2 {[%clk 00:16:05]} O-O {[%clk
00:10:27]} {[%emt 00:00:13]} 10. Bg2 {[%clk 00:16:11]} {[%emt 00:00:05]} Nxc3
{[%clk 00:08:30]} {[%emt 00:02:07]} 11. Bxc3 {[%clk 00:16:17]} {[%emt
00:00:04]} Bxc3+ {[%clk 00:08:29]} {[%emt 00:00:11]} 12. Nxc3 {[%clk 00:16:26]}
Nc6 {[%clk 00:08:17]} {[%emt 00:00:21]} 13. Ne2 {[%clk 00:16:32]} {[%emt
00:00:04]} Qa5+ {[%clk 00:08:14]} {[%emt 00:00:13]} 14. Qd2 {[%clk 00:16:41]}
{[%emt 00:00:02]} Qxd2+ 15. Kxd2 {[%clk 00:16:51]} Rd8 {[%clk 00:07:56]} {[%emt
00:00:24]} 16. Ke3 {[%clk 00:16:59]} {[%emt 00:00:03]} Ne7 {[%clk 00:07:31]}
{[%emt 00:00:35]} 17. Rab1 {[%clk 00:16:55]} {[%emt 00:00:14]} Rb8 {[%clk
00:07:27]} {[%emt 00:00:13]} 18. Rb5 {[%clk 00:16:51]} {[%emt 00:00:13]} b6
{[%clk 00:07:19]} {[%emt 00:00:19]} 19. Rc1 {[%clk 00:16:58]} {[%emt 00:00:04]}
Nf5+ {[%clk 00:06:17]} {[%emt 00:01:12]} 20. Rxf5 {[%clk 00:17:02]} {[%emt
00:00:06]} exf5 {[%clk 00:06:25]} {[%emt 00:00:02]} 21. Rc7 {[%clk 00:16:50]}
{[%emt 00:00:21]} Rd7 {[%clk 00:06:06]} {[%emt 00:00:30]} 22. Rxd7 {[%clk
00:16:53]} {[%emt 00:00:08]} Bxd7 {[%emt 00:00:01]} 23. d5 Re8+ {[%emt
00:00:12]} 24. Kd2 Rxe2+ {[%clk 00:05:48]} {[%emt 00:00:33]} 25. Kxe2 {[%clk
00:17:10]} {[%emt 00:00:13]} Kf8 {[%clk 00:05:34]} {[%emt 00:00:25]} 26. Ke3
{[%clk 00:17:14]} {[%emt 00:00:05]} Ke7 {[%clk 00:05:39]} {[%emt 00:00:05]} 27.
Kd4 {[%clk 00:17:22]} {[%emt 00:00:02]} Kd6 {[%clk 00:05:45]} {[%emt 00:00:03]}
28. f4 {[%clk 00:17:29]} {[%emt 00:00:04]} Bb5 {[%clk 00:05:29]} {[%emt
00:00:26]} 29. Bf3 {[%clk 00:17:35]} {[%emt 00:00:03]} Bf1 {[%clk 00:05:11]}
{[%emt 00:00:28]} 30. h4 {[%clk 00:17:43]} {[%emt 00:00:03]} g6 {[%emt
00:00:24]} 31. h5 a5 {[%clk 00:04:50]} {[%emt 00:00:16]} 32. h6 {[%clk
00:18:03]} Ba6 {[%clk 00:04:32]} {[%emt 00:00:28]} 33. g4 {[%clk 00:17:59]}
{[%emt 00:00:14]} fxg4 {[%clk 00:04:28]} 34. Bxg4 {[%clk 00:18:08]} f5 {[%clk
00:04:07]} {[%emt 00:00:32]} 35. Bf3 {[%clk 00:18:18]} Bb5 {[%clk 00:04:06]}
{[%emt 00:00:10]} 36. Bd1 {[%clk 00:18:26]} {[%emt 00:00:02]} Be8 {[%clk
00:04:07]} {[%emt 00:00:09]} 37. Bb3 {[%clk 00:18:31]} {[%emt 00:00:05]} Bb5
{[%clk 00:03:04]} {[%emt 00:01:13]} 38. Bc2 {[%clk 00:18:34]} {[%emt 00:00:07]}
Be2 {[%clk 00:02:42]} {[%emt 00:00:32]} 39. Bb3 {[%clk 00:18:27]} {[%emt
00:00:17]} b5 {[%clk 00:01:47]} {[%emt 00:01:05]} 40. a4 {[%clk 00:18:24]}
{[%emt 00:00:13]} b4 {[%clk 00:01:19]} {[%emt 00:00:38]} 41. Bc2 {[%clk
00:18:31]} {[%emt 00:00:02]} Bf3 {[%clk 00:01:17]} {[%emt 00:00:14]} 42. Kc4
{[%clk 00:18:32]} {[%emt 00:00:09]} Bxd5+ {[%clk 00:01:18]} {[%emt 00:00:09]}
43. Kb5 {[%clk 00:18:40]} {[%emt 00:00:02]} b3 {[%clk 00:01:19]} {[%emt
00:00:08]} 44. Bb1 {[%clk 00:18:34]} {[%emt 00:00:12]} Be4 {[%clk 00:01:08]}
{[%emt 00:00:25]} 45. Kxa5 {[%clk 00:18:38]} {[%emt 00:00:05]} Bxb1 {[%clk
00:01:16]} {[%emt 00:00:03]} 46. Kb4 {[%clk 00:18:46]} {[%emt 00:00:02]} Bc2
{[%clk 00:01:22]} {[%emt 00:00:04]} 47. Kc3 {[%clk 00:18:54]} {[%emt 00:00:03]}
Kc5 {[%clk 00:01:15]} {[%emt 00:00:16]} 0-1

[Event "Kadettlandskamp NOR-SWE B 2018"]
[Site "NTG, Bærum, Norway"]
[Date "2018.12.16"]
[Round "12.4"]
[White "Kizatbay, Abyl"]
[Black "Rasti, Arvin"]
[Result "1-0"]
[WhiteFideId "1521853"]
[BlackFideId "1741160"]
[WhiteElo "1952"]
[BlackElo "1777"]

1. e4 {[%clk 00:15:19]} c6 {[%clk 00:15:15]} {[%emt 00:00:05]} 2. d4 {[%clk
00:15:22]} {[%emt 00:00:08]} d5 {[%clk 00:15:24]} {[%emt 00:00:01]} 3. exd5
cxd5 {[%clk 00:15:33]} 4. Bd3 {[%clk 00:15:40]} Nc6 {[%clk 00:15:40]} {[%emt
00:00:03]} 5. c3 {[%clk 00:15:48]} {[%emt 00:00:02]} Nf6 {[%clk 00:15:48]} 6.
Bf4 {[%clk 00:15:48]} {[%emt 00:00:11]} Bg4 {[%clk 00:15:46]} {[%emt 00:00:12]}
7. Ne2 {[%clk 00:15:17]} {[%emt 00:00:41]} e6 {[%clk 00:15:53]} {[%emt
00:00:02]} 8. O-O {[%clk 00:15:06]} {[%emt 00:00:21]} Bd6 {[%clk 00:15:54]}
{[%emt 00:00:08]} 9. Bxd6 {[%clk 00:14:58]} {[%emt 00:00:20]} Qxd6 {[%clk
00:16:02]} {[%emt 00:00:01]} 10. Qe1 {[%clk 00:14:53]} {[%emt 00:00:15]} O-O
{[%clk 00:15:50]} {[%emt 00:00:22]} 11. f4 {[%emt 00:01:15]} Bf5 {[%clk
00:15:32]} {[%emt 00:00:16]} 12. Rf3 {[%clk 00:13:21]} {[%emt 00:00:50]} Rfe8
{[%clk 00:15:26]} {[%emt 00:00:15]} 13. Nd2 {[%clk 00:13:26]} {[%emt 00:00:05]}
a6 {[%clk 00:14:52]} {[%emt 00:00:45]} 14. Qh4 {[%clk 00:13:01]} {[%emt
00:00:35]} Ne7 {[%clk 00:14:17]} {[%emt 00:00:45]} 15. Qf2 {[%clk 00:11:41]}
{[%emt 00:01:30]} Ne4 {[%clk 00:14:01]} {[%emt 00:00:25]} 16. Qe3 {[%clk
00:11:07]} {[%emt 00:00:45]} Nxd2 {[%clk 00:13:19]} {[%emt 00:00:52]} 17. Qxd2
{[%clk 00:11:16]} {[%emt 00:00:01]} h5 {[%clk 00:12:51]} {[%emt 00:00:37]} 18.
Raf1 {[%clk 00:10:36]} {[%emt 00:00:50]} b5 {[%clk 00:12:32]} {[%emt 00:00:29]}
19. h3 {[%clk 00:09:40]} {[%emt 00:01:06]} h4 {[%clk 00:12:18]} {[%emt
00:00:24]} 20. Kh1 {[%clk 00:09:12]} {[%emt 00:00:38]} Rab8 {[%clk 00:12:06]}
{[%emt 00:00:23]} 21. Qe1 {[%clk 00:09:19]} {[%emt 00:00:03]} Bxd3 {[%clk
00:12:05]} {[%emt 00:00:11]} 22. Rxd3 {[%clk 00:09:28]} {[%emt 00:00:01]} Nf5
{[%clk 00:12:11]} {[%emt 00:00:03]} 23. g4 {[%clk 00:08:44]} {[%emt 00:00:54]}
hxg3 {[%clk 00:12:17]} {[%emt 00:00:04]} 24. Nxg3 {[%clk 00:08:52]} {[%emt
00:00:02]} Nxg3+ {[%clk 00:12:25]} {[%emt 00:00:02]} 25. Rxg3 {[%clk 00:08:15]}
{[%emt 00:00:47]} b4 {[%clk 00:12:10]} {[%emt 00:00:26]} 26. Qe3 {[%clk
00:07:36]} {[%emt 00:00:48]} bxc3 {[%clk 00:12:09]} {[%emt 00:00:12]} 27. bxc3
{[%clk 00:07:44]} {[%emt 00:00:02]} Rb2 {[%clk 00:10:59]} {[%emt 00:01:21]} 28.
Rfg1 {[%clk 00:07:48]} {[%emt 00:00:06]} Qf8 {[%clk 00:10:34]} {[%emt
00:00:34]} 29. f5 {[%clk 00:06:56]} {[%emt 00:01:03]} Rbb8 {[%clk 00:09:26]}
{[%emt 00:01:18]} 30. Qh6 {[%clk 00:06:44]} {[%emt 00:00:21]} g6 {[%clk
00:09:10]} {[%emt 00:00:27]} 31. Rxg6+ {[%clk 00:06:47]} {[%emt 00:00:07]} fxg6
{[%clk 00:09:11]} {[%emt 00:00:09]} 32. Rxg6+ {[%clk 00:06:55]} {[%emt
00:00:01]} Kf7 {[%clk 00:09:16]} {[%emt 00:00:05]} 33. Qh7+ {[%clk 00:07:05]}
Qg7 {[%clk 00:09:21]} {[%emt 00:00:05]} 34. Qxg7# {[%emt 00:00:01]} 1-0

[Event "Kadettlandskamp NOR-SWE B 2018"]
[Site "NTG, Bærum, Norway"]
[Date "2018.12.16"]
[Round "12.5"]
[White "Vitenberg, Noam A"]
[Black "Ivarsson, Sebastian"]
[Result "0-1"]
[WhiteFideId "1532138"]
[BlackFideId "1738593"]
[WhiteElo "1889"]
[BlackElo "1652"]

1. Nf3 {[%clk 00:15:19]} {[%emt 00:12:24]} Nf6 {[%clk 00:15:19]} {[%emt
00:00:02]} 2. c4 {[%clk 00:15:27]} {[%emt 00:00:01]} g6 {[%clk 00:15:27]}
{[%emt 00:00:02]} 3. Nc3 {[%clk 00:15:35]} {[%emt 00:00:02]} Bg7 {[%clk
00:15:36]} {[%emt 00:00:02]} 4. e4 {[%clk 00:15:42]} {[%emt 00:00:02]} d6
{[%clk 00:15:44]} {[%emt 00:00:01]} 5. d4 {[%clk 00:15:51]} {[%emt 00:00:02]}
O-O {[%clk 00:15:52]} {[%emt 00:00:03]} 6. Be2 {[%clk 00:15:59]} {[%emt
00:00:01]} e5 {[%clk 00:15:59]} {[%emt 00:00:03]} 7. Be3 {[%clk 00:16:07]}
{[%emt 00:00:01]} Qe8 {[%clk 00:15:59]} {[%emt 00:00:10]} 8. dxe5 {[%clk
00:15:20]} {[%emt 00:00:58]} Ng4 {[%clk 00:16:03]} {[%emt 00:00:06]} 9. exd6
{[%clk 00:14:58]} {[%emt 00:00:33]} Nxe3 {[%clk 00:16:06]} {[%emt 00:00:06]} 10.
fxe3 {[%clk 00:15:04]} {[%emt 00:00:03]} cxd6 {[%clk 00:16:07]} {[%emt
00:00:11]} 11. Qxd6 {[%clk 00:14:53]} {[%emt 00:00:20]} Bxc3+ {[%clk 00:16:14]}
{[%emt 00:00:04]} 12. bxc3 {[%clk 00:14:58]} {[%emt 00:00:04]} Qxe4 {[%clk
00:16:21]} {[%emt 00:00:03]} 13. Kf2 {[%clk 00:14:01]} {[%emt 00:01:06]} Re8
{[%clk 00:14:45]} {[%emt 00:01:46]} 14. Qf4 {[%clk 00:13:08]} {[%emt 00:01:03]}
Nc6 {[%clk 00:13:29]} {[%emt 00:01:22]} 15. Qxe4 {[%clk 00:12:56]} {[%emt
00:00:27]} Rxe4 {[%clk 00:13:36]} {[%emt 00:00:03]} 16. Nd4 {[%clk 00:12:54]}
{[%emt 00:00:12]} Na5 {[%clk 00:11:33]} {[%emt 00:02:13]} 17. Rab1 {[%clk
00:12:17]} {[%emt 00:00:47]} Re7 {[%clk 00:10:15]} {[%emt 00:01:26]} 18. Rb5
{[%clk 00:11:37]} {[%emt 00:00:51]} b6 {[%clk 00:10:07]} {[%emt 00:00:19]} 19.
Bf3 {[%clk 00:09:27]} {[%emt 00:02:20]} Bb7 {[%clk 00:09:44]} {[%emt 00:00:33]}
20. c5 {[%clk 00:08:56]} {[%emt 00:00:41]} Bxf3 {[%clk 00:08:20]} {[%emt
00:01:34]} 21. gxf3 {[%clk 00:07:55]} {[%emt 00:01:11]} Rc8 {[%clk 00:08:22]}
{[%emt 00:00:07]} 22. cxb6 {[%clk 00:06:51]} {[%emt 00:01:15]} axb6 {[%clk
00:08:30]} {[%emt 00:00:01]} 23. Rxb6 {[%clk 00:06:38]} {[%emt 00:00:23]} Rxc3
{[%clk 00:08:37]} {[%emt 00:00:04]} 24. Rg1 {[%clk 00:06:24]} {[%emt 00:00:24]}
Re8 {[%clk 00:06:53]} {[%emt 00:01:53]} 25. e4 {[%clk 00:04:46]} {[%emt
00:01:49]} Rd8 {[%clk 00:06:02]} {[%emt 00:01:00]} 26. Rb4 {[%clk 00:04:02]}
{[%emt 00:00:54]} Rd3 {[%clk 00:03:56]} {[%emt 00:02:15]} 27. Ne2 {[%clk
00:03:29]} {[%emt 00:00:44]} Ra3 {[%clk 00:03:20]} {[%emt 00:00:47]} 28. Rb2
{[%clk 00:02:12]} {[%emt 00:01:28]} Nc4 {[%clk 00:02:23]} {[%emt 00:01:05]} 29.
Rc2 {[%clk 00:01:44]} {[%emt 00:00:40]} Ne5 {[%clk 00:02:32]} {[%emt 00:00:02]}
30. Rg3 {[%clk 00:01:52]} {[%emt 00:00:01]} Nd3+ {[%clk 00:02:24]} {[%emt
00:00:18]} 31. Kf1 {[%clk 00:00:21]} {[%emt 00:01:38]} Nb4 {[%clk 00:02:32]}
{[%emt 00:00:05]} 32. Rb2 {[%clk 00:00:17]} {[%emt 00:00:14]} Rd1+ {[%clk
00:02:41]} {[%emt 00:00:02]} 33. Kg2 {[%clk 00:00:21]} {[%emt 00:00:05]} Nd3
{[%clk 00:02:46]} {[%emt 00:00:05]} 34. Rb8+ {[%clk 00:00:15]} {[%emt
00:00:16]} Kg7 {[%clk 00:02:55]} 35. f4 {[%clk 00:00:12]} {[%emt 00:00:15]}
Rxa2 {[%clk 00:02:57]} {[%emt 00:00:07]} 36. Kf3 {[%clk 00:00:19]} {[%emt
00:00:03]} Rdd2 {[%clk 00:02:32]} {[%emt 00:00:35]} 37. Ke3 {[%clk 00:00:13]}
{[%emt 00:00:16]} Rxe2+ {[%clk 00:01:35]} {[%emt 00:01:06]} 38. Kxd3 {[%clk
00:00:23]} Rxh2 {[%clk 00:01:42]} {[%emt 00:00:03]} 39. Kd4 {[%clk 00:00:32]}
Ra4+ {[%clk 00:01:16]} {[%emt 00:00:36]} 40. Kd5 {[%clk 00:00:16]} {[%emt
00:00:26]} Rd2+ {[%clk 00:01:06]} {[%emt 00:00:19]} 41. Kc5 {[%clk 00:00:14]}
{[%emt 00:00:12]} Rxe4 {[%clk 00:01:15]} {[%emt 00:00:03]} 42. Rf3 {[%clk
00:00:13]} {[%emt 00:00:11]} Rc2+ {[%clk 00:01:14]} {[%emt 00:00:10]} 43. Kd5
{[%clk 00:00:20]} {[%emt 00:00:02]} Rcc4 {[%clk 00:00:45]} {[%emt 00:00:40]} 44.
f5 {[%clk 00:00:22]} {[%emt 00:00:09]} Rcd4+ {[%clk 00:00:36]} {[%emt
00:00:18]} 45. Kc5 {[%clk 00:00:31]} {[%emt 00:00:02]} Rc4+ {[%clk 00:00:44]}
{[%emt 00:00:01]} 46. Kd5 {[%clk 00:00:40]} {[%emt 00:00:01]} Rf4 {[%clk
00:00:51]} {[%emt 00:00:04]} 47. f6+ {[%clk 00:00:48]} {[%emt 00:00:01]} Kxf6
{[%clk 00:00:48]} {[%emt 00:00:12]} 48. Rh3 {[%clk 00:00:43]} {[%emt 00:00:16]}
Rfd4# {[%clk 00:00:53]} {[%emt 00:00:05]} 0-1

[Event "Kadettlandskamp NOR-SWE B 2018"]
[Site "NTG, Bærum, Norway"]
[Date "2018.12.16"]
[Round "12.6"]
[White "Muntean, Viktor"]
[Black "Melaa, Sondre Lillestøl"]
[Result "1-0"]
[WhiteFideId "1054414"]
[BlackFideId "1530470"]
[WhiteElo "1791"]
[BlackElo "1838"]

1. e4 {[%clk 00:15:19]} {[%emt 00:00:01]} e5 {[%clk 00:14:56]} {[%emt
00:00:24]} 2. Nf3 {[%clk 00:15:22]} {[%emt 00:00:06]} Nc6 {[%clk 00:15:01]}
{[%emt 00:00:05]} 3. d4 {[%clk 00:15:29]} {[%emt 00:00:04]} exd4 {[%clk
00:15:05]} {[%emt 00:00:06]} 4. Bc4 {[%clk 00:15:37]} {[%emt 00:00:01]} Bc5
{[%clk 00:15:10]} {[%emt 00:00:05]} 5. c3 {[%clk 00:15:45]} {[%emt 00:00:02]}
Nf6 {[%clk 00:15:14]} {[%emt 00:00:05]} 6. e5 {[%clk 00:15:53]} {[%emt
00:00:04]} d5 {[%clk 00:15:21]} {[%emt 00:00:02]} 7. Bb5 {[%clk 00:16:01]}
{[%emt 00:00:02]} Ne4 {[%clk 00:15:25]} {[%emt 00:00:05]} 8. cxd4 {[%clk
00:16:09]} {[%emt 00:00:03]} Bb6 {[%clk 00:15:33]} {[%emt 00:00:03]} 9. Nc3
{[%clk 00:16:10]} {[%emt 00:00:09]} O-O {[%clk 00:15:30]} {[%emt 00:00:13]} 10.
O-O {[%clk 00:16:14]} {[%emt 00:00:06]} Bg4 {[%clk 00:15:34]} {[%emt 00:00:06]}
11. Bxc6 {[%clk 00:15:07]} {[%emt 00:01:17]} bxc6 {[%clk 00:15:34]} {[%emt
00:00:10]} 12. Qd3 {[%clk 00:14:28]} {[%emt 00:00:49]} Nxc3 {[%clk 00:14:26]}
{[%emt 00:01:16]} 13. bxc3 {[%clk 00:14:34]} {[%emt 00:00:05]} f6 {[%clk
00:09:44]} {[%emt 00:04:53]} 14. exf6 {[%clk 00:13:58]} {[%emt 00:00:46]} Bxf3
{[%clk 00:08:46]} {[%emt 00:01:07]} 15. fxg7 {[%clk 00:13:12]} {[%emt
00:00:56]} Rf7 {[%clk 00:08:55]} 16. gxf3 {[%clk 00:13:07]} {[%emt 00:00:16]}
Rxg7+ {[%clk 00:08:51]} {[%emt 00:00:14]} 17. Kh1 {[%clk 00:13:14]} {[%emt
00:00:03]} Kh8 {[%clk 00:08:57]} {[%emt 00:00:04]} 18. Bf4 {[%clk 00:13:02]}
{[%emt 00:00:23]} Rg6 {[%clk 00:08:16]} {[%emt 00:00:51]} 19. Rg1 {[%clk
00:12:31]} {[%emt 00:00:41]} Qe8 {[%clk 00:07:52]} {[%emt 00:00:33]} 20. Be5+
{[%clk 00:11:48]} {[%emt 00:00:54]} Kg8 {[%clk 00:08:01]} 21. Rxg6+ {[%clk
00:11:32]} {[%emt 00:00:26]} hxg6 {[%clk 00:08:10]} {[%emt 00:00:02]} 22. Rg1
{[%clk 00:11:37]} {[%emt 00:00:04]} Kh7 {[%clk 00:07:09]} {[%emt 00:01:11]} 23.
Rg4 {[%clk 00:11:21]} {[%emt 00:00:26]} c5 {[%clk 00:05:54]} {[%emt 00:01:25]}
24. Rh4+ {[%clk 00:11:24]} {[%emt 00:00:07]} Kg8 {[%clk 00:06:03]} 25. Rh8+
{[%clk 00:11:24]} {[%emt 00:00:11]} Kf7 {[%clk 00:06:13]} 26. Rxe8 {[%clk
00:11:21]} {[%emt 00:00:14]} Rxe8 {[%clk 00:06:21]} {[%emt 00:00:01]} 27. Qe3
{[%clk 00:11:24]} {[%emt 00:00:07]} cxd4 {[%clk 00:06:19]} {[%emt 00:00:13]} 28.
cxd4 {[%clk 00:11:25]} {[%emt 00:00:09]} Ke7 {[%clk 00:05:56]} {[%emt
00:00:32]} 29. Qg5+ {[%clk 00:11:14]} {[%emt 00:00:21]} Kd7 {[%clk 00:06:03]}
{[%emt 00:00:02]} 30. Qxg6 {[%clk 00:11:15]} {[%emt 00:00:10]} Rd8 {[%clk
00:05:49]} {[%emt 00:00:24]} 31. h4 {[%clk 00:10:59]} {[%emt 00:00:26]} Kc8
{[%clk 00:05:29]} {[%emt 00:00:31]} 32. h5 {[%clk 00:11:01]} {[%emt 00:00:08]}
Kb7 {[%clk 00:05:31]} {[%emt 00:00:08]} 33. h6 {[%clk 00:11:07]} {[%emt
00:00:04]} c5 {[%clk 00:05:38]} {[%emt 00:00:03]} 34. dxc5 {[%clk 00:11:02]}
{[%emt 00:00:14]} d4 {[%clk 00:05:19]} {[%emt 00:00:28]} 35. Qe4+ {[%clk
00:10:47]} {[%emt 00:00:27]} Ka6 {[%clk 00:05:23]} {[%emt 00:00:06]} 36. Qd3+
{[%clk 00:10:53]} {[%emt 00:00:04]} Ka5 {[%clk 00:05:25]} {[%emt 00:00:08]} 37.
cxb6 {[%clk 00:10:54]} {[%emt 00:00:08]} a6 {[%clk 00:05:33]} {[%emt 00:00:03]}
38. b7 {[%clk 00:10:51]} {[%emt 00:00:13]} Rg8 {[%clk 00:05:12]} {[%emt
00:00:31]} 39. Qb3 {[%clk 00:10:35]} {[%emt 00:00:25]} 1-0